000 00453nam a2200193Ia 4500
005 20240823041811.0
008 240823s9999||||xx |||||||||||||| ||und||
020 _a0-417-21460-9
041 _aENGLISH
082 _A823.914 M1
100 _aBunnell W S
245 0 _aNotes on William Golding The Spire
250 _a1st
260 _c1981
_bMethuen Paper
500 _aTRANSFERED
650 _aGeneral
_bGeneral
942 _cBK
999 _c206360
_d206360